|
|
|
|
| LEADER |
01462nam a22003732a 4500 |
| 001 |
000098108 |
| 003 |
CZ BrMZK |
| 005 |
20140918212622.0 |
| 007 |
ta |
| 008 |
010907s1975 xr f cze d |
| 015 |
|
|
|a cnb000469679
|
| 035 |
|
|
|a (OCoLC)42114747
|
| 040 |
|
|
|a BOA001
|b cze
|
| 041 |
1 |
|
|a cze
|h nor
|
| 100 |
1 |
|
|a Ibsen, Henrik,
|d 1828-1906
|7 jn19990003874
|4 aut
|
| 245 |
1 |
0 |
|a Hry.
|n [Sv.] 2.,
|p Brand.
|p Peer Gynt.
|p Císař a Galilejský /
|c Henrik Ibsen ; z nor. originálů Brand, Peer Gynt a Kejseren og Galilaeeren přel. Břetislav Mencák a Oldřich Liška
|
| 246 |
3 |
0 |
|a Brand
|
| 246 |
3 |
0 |
|a Peer Gynt
|
| 246 |
3 |
0 |
|a Císař a Galilejský
|
| 250 |
|
|
|a 1. vyd.
|
| 260 |
|
|
|a Praha :
|b Státní nakladatelství krásné literatury, hudby a umění,
|c 1975
|
| 300 |
|
|
|a 680 s.
|
| 490 |
1 |
|
|a Spisy Henrika Ibsena ;
|v sv. 2
|
| 490 |
1 |
|
|a Knihovna klasiků
|
| 700 |
1 |
|
|a Liška, Oldřich,
|d 1920-
|7 jk01072276
|4 trl
|
| 700 |
1 |
|
|a Mencák, Břetislav,
|d 1903-1981
|7 jk01081188
|4 trl
|
| 800 |
1 |
|
|a Ibsen, Henrik,
|d 1828-1906.
|t Spisy (SNKLHU)
|0 s
|
| 830 |
|
0 |
|a Knihovna klasiků (SNKLHU)
|0 s
|
| 910 |
|
|
|a BOA001
|b PK-0019.183,2
|b 2-0401.773,2
|
| 920 |
|
|
|a 000149758
|
| 964 |
|
|
|a Ibsen, Henrik - 1828-1906 - - dramata - výbory
|
| 990 |
|
|
|a BK
|
| 996 |
6 |
|
|b 2619016300
|c 2-0401.773,2
|l MZK
|r Sklad / do 24 hodin
|n 3
|w 000098108
|u 000020
|a 1
|e BOA001
|j MZK50
|s P
|
| 996 |
7 |
|
|b 3119975351
|c PK-0019.183,2
|l MZK
|r Sklad / do 1 hodiny
|n 54
|w 000098108
|u 000010
|a 1
|e BOA001
|j MZK50
|s A
|